| 000 | 00779cab a2200217 4500 | ||
|---|---|---|---|
| 001 | WB2912-44 | ||
| 008 | 090401t xxu||||| |||| 00| 0 eng d | ||
| 035 | _a(Sirsi) u16074 | ||
| 041 | _aeng | ||
| 245 | _aHousing Act forms | ||
| 260 | _cno 6/93, March 1993(2) | ||
| 350 | _a0 | ||
| 490 |
_aOyez Forms Information Service _vno 6/93, March 1993(2) |
||
| 520 | _aDetails new and amended Housing Act 1988 forms, the amendments have been made under The Assured Tenancies and Agricultural Occupancies (Forms) (Amendment) Regulations 1993. | ||
| 650 | _aAGRICULTURAL OCCUPANCY | ||
| 650 | _aASSURED TENANCIES | ||
| 650 | _aHOUSING ACT 1988 | ||
| 690 | _aPROPERTY-RESIDENTIAL PROPERTY-RESIDENTIAL LANDLORD AND TENANT-RESIDENTIAL TENANCIES | ||
| 942 | _n0 | ||
| 948 | _c04/03/1997 | ||
| 999 |
_c10570 _d10570 |
||